000 00658nas a2200229 4500
001 BR8900077
003 BR-BrBNA
005 20231205091433.0
007 ta
008 230509b bl.|||p| |||| 00| 00por d
040 _aBR-BrBNA
_bpor
_cBiblioteca Nacional de Agricultura
041 _a(Pt)
072 _aF01; H20
100 1 _aPrimi, L.
245 1 _aA expansao do declinio [citricultura]
650 _aCITRICULTURA
650 _aDECLINIO DOS CITRUS
650 _aDOENCA DE PLANTA
773 0 _tBrasil Agricola (Brazil)
_xISSN 0102-8170
_g(May 1987), v. 1(8) p. 20-22
_wBR8900077
909 _a202311
_bLúcia
_c55
_dLúcia Elande
942 _2AGRIS
_n0
_cANA
999 _c125081
_d125081